000 00765nam a2200229Ia 4500
003 OSt
005 20220903100420.0
008 210716s2008 xx 000 0 und d
020 _a9780070669260
040 _cAIMIT LIBRARY
041 _aeng
082 _a620.00151
_21
_bPALW
100 _aPalm III, William J.
_956439
245 _aIntroduction to matlab 7.4 /
_cBy William J Palm III.
250 _a1st ed.
260 _aNew Delhi :
_bTata McGraw Hill Publishing Company Ltd ,
_c2008.
300 _axii,418p. ;
_c24 cm.
650 _aNumeric cell and structure arrays
_956440
650 _aAdvanced plotting and model building
_956441
650 _aNumerical methods for calculus and differential equations
_956442
942 _2ddc
_cBK
_e1st
_k620.00151 PALW
999 _c189242
_d189242